| 000 | 00392nam a22001577a 4500 | ||
|---|---|---|---|
| 005 | 20230712141217.0 | ||
| 008 | 230712b |||||||| |||| 00| 0 eng d | ||
| 082 |
_a342.02 _bMAZ-M |
||
| 100 | _aMazhar,ul.Haq | ||
| 245 | _aModern Constitutions | ||
| 260 |
_aPakistan _bBookland (pvt) Limited _c1996 |
||
| 300 | _a565 | ||
| 650 | _aPolitical Science | ||
| 700 | _aMazhar ul Haq | ||
| 999 |
_c25943 _d25943 |
||